[Event "Oregon Closed Championship"]
[Site "?"]
[Date "2023.02.17"]
[Round "1"]
[White "Matt Zavortink"]
[Black "Zoey Tang"]
[Result "0-1"]
[WhiteElo "2308"]
[BlackElo "2228"]
[Annotator "Zoey Tang"]
[PlyCount "104"]
[EventDate "2022.??.??"]

{[%evp 0,104,16,13,30,-10,24,39,35,25,29,27,43,19,19,19,34,20,3,2,43,14,46,18,
3,4,4,38,36,27,20,18,37,-33,11,29,47,16,59,56,56,57,174,174,154,164,264,300,
306,342,229,320,401,0,246,280,201,189,305,314,323,170,195,0,104,11,45,13,15,41,
-79,-79,-126,-118,-130,-183,-190,-223,-230,-278,-282,-311,-333,-333,-343,-361,
-361,-361,-361,-368,-328,-418,-416,-416,-353,-367,-357,-389,-389,-389,-504,
-517,-537,-537,-547,-557,-557] The first game of the tournament. Luck of the
draw had me playing all the tournament favorites in the first few rounds, so I
wasn't expecting much. Take it one round at a time!} 1. d4 Nf6 2. c4 c6 {
A weird way to transpose to the Slav defense which often confuses white
players.} 3. Nc3 d5 4. cxd5 cxd5 {The Exchange Slav. I had mainly prepared for
Matt's London system, so I was sadly already out of preparation.} 5. Bf4 Nc6 6.
e3 Bf5 7. Nf3 a6 {This move aims to prevent the annoying pin with Bb5.} (7...
e6 8. Bb5 Nd7 9. Qa4 Rc8 10. O-O a6 11. Bxc6 Rxc6 12. Rfc1 Be7 $11 {would be
the main line.}) 8. Be2 e6 9. Qb3 Bb4 $6 {Natural, but not the best} (9... Nh5
{Matt told me after the game that this was black's only move.} 10. Qxb7 $6 Na5
11. Qc7 Nxf4 12. Qxf4 Rb8 $11 {Here black has compensation.}) 10. Ne5 Qe7 11.
Nxc6 bxc6 12. O-O O-O 13. Na4 Nd7 {A common idea in the Slav; remanuevering
the knight to better support c5} 14. Rfc1 Rfc8 15. a3 Bd2 16. Rc5 $5 {An
interesting idea; sacrificing the exchange to gain a monster knight.} Nxc5 $6 {
This move is not required; technically I can take the rook at any time} (16...
f6 $11 {Preparing e5 and being more patient in general.}) 17. Nxc5 f6 18. Bxa6
Rd8 19. Bb7 e5 $2 {The computer hates this move. I was very excited about it
during the game because I could give some material back to achieve an attack.}
(19... Ra5 20. Bxc6 Rxc5 21. dxc5 Qxc5 22. Qb5 $16 {Black will have to defend
this position.}) 20. Bxa8 exf4 21. e4 $1 {Did not see this.} (21. Bxc6 $4 fxe3
22. Bxd5+ Kh8 23. fxe3 Qxe3+ 24. Qxe3 Bxe3+ 25. Kh1 Bxd4 $11 {and black is
satisfied with their position.}) 21... Bxe4 22. Bxc6 Kh8 23. Qd1 Ba5 24. Nb7
Ra8 25. Qa4 Bxg2 {During the game, I knew I was completely losing. I tried to
create as much counterplay and chaos as possible, especially since I had a ~30
minute time advantage.} 26. Nxa5 $4 (26. Nc5 $1 $18 {Very difficult to find;
white prevents Qe4, opens a discovered attack on the rook, and continues to
put pressure on the both of black's weak bishops.}) (26. Kxg2 $4 Qe4+ 27. Kg1
Qg6+ 28. Kf1 Qd3+ 29. Kg2 Qe4+ 30. f3 Qe2+ {Black will perpetual.}) 26... Rb8
$4 {I only saved the rook because it was guarding my back rank.} (26... Qe4 {
I considered this move as well, but rejected it because of} 27. Bxa8 Bh3 $4 (
27... Qg6 $1 {and black will perpetual after} 28. Bxd5 Bf3+ 29. Kf1 Qd3+ 30.
Kg1 Qg6+ $11) 28. Bxd5 $1 $18 {and white has back-rank mate ideas.}) 27. Qc2
Be4 28. Qd2 g5 {Defending the pawn in the way I thought would create the most
chaos.} 29. Re1 Qf7 30. b4 $4 {This move guards the pawn, but white's king is
now in danger.} Qh5 {The queen sneaks its way in.} 31. Rxe4 {Forced, or else
black has Qg4+ or Qf3.} dxe4 32. Bd7 Rd8 33. Bf5 Qf3 $2 (33... Re8 $1 $19 {
supporting e3 was a better move order.}) 34. Nc4 $4 (34. Qc1 {Again difficult
to find; white threatens Qc7 and prepares to potentially defend with} e3 35.
fxe3 fxe3 36. Qf1 $1 $11) 34... e3 $19 {Tactics :D} 35. fxe3 fxe3 36. Nxe3 Re8
{Now white is forced to lose a minor piece.} 37. Bg4 Qxe3+ 38. Qxe3 Rxe3 39. a4
Re4 {Luckily, white's pawns are all falling.} 40. Bf3 Rxd4 41. b5 Rxa4 42. b6
Rb4 43. b7 Kg7 44. Kf2 f5 45. Ke3 g4 46. Bc6 f4+ 47. Kd3 f3 48. Ke3 Kf6 49. h3
h5 50. hxg4 hxg4 51. Kf2 Rb2+ 52. Kg3 Kg5 {After obtaining a slightly worse
position out of the opening, Matt played a nice exchange sacrifice that left
my pieces lacking in space. In semi-desperation, I started ignoring material
and throwing pieces at his king. In the end, one slow move made in time
pressure allowed me to turn the tables. All in all, not the most smooth
victory I've had!} 0-1

[Event "Oregon Closed Championship"]
[Site "?"]
[Date "2023.02.19"]
[Round "4"]
[White "Jason Cigan"]
[Black "Zoey Tang"]
[Result "0-1"]
[WhiteElo "2205"]
[BlackElo "2228"]
[Annotator "Zoey Tang"]
[PlyCount "82"]
[EventDate "2022.??.??"]

{[%evp 0,55,19,31,14,-14,16,45,45,0,4,29,-25,-32,-29,32,56,67,83,87,10,10,-9,2,
10,4,4,4,28,25,32,37,43,24,26,29,31,31,46,41,39,5,5,-5,15,4,12,-29,38,54,65,60,
46,73,73,76,89,110] Going into the fourth round, I was 3/3 against the top
seeds of the tournament. Jason was actually my last opponent who had won the
Closed before.} 1. d4 Nf6 2. c4 c6 3. Nf3 d5 4. Nc3 dxc4 5. a4 {White aims to
prevent b5 (which would solidify c4).} Bf5 6. Ne5 Nbd7 7. Nxc4 Qc7 8. g3 {
Preparing Bf4, attacking the queen.} e5 9. dxe5 Nxe5 10. Bf4 {This pin looks
dangerous for black, but they can reinforce the knight.} Rd8 $6 (10... Nfd7 {
The main line (me not remembering things)} 11. Bg2 g5 12. Ne3 gxf4 13. Nxf5
O-O-O $13 {with an imbalanced position.}) 11. Qc1 Bd6 12. Nxd6+ Qxd6 13. Bg2
O-O 14. O-O {With white's bishop pair, black is slightly worse here.} Qe6 $6 (
14... Rfe8 15. Rd1 Qc5 $16) 15. Qe3 Ng6 16. Qxe6 (16. Qxa7 $2 Nxf4 17. gxf4 Bh3
$44 {Black can attack the king.}) 16... Bxe6 17. Be3 a5 18. Bg5 $2 {A bit slow;
black's doubled pawns won't matter much} Ne5 19. Ne4 Ned7 {Looks ugly, but it
defends sufficiently.} 20. Rfd1 h6 21. Bxf6 Nxf6 22. Nc5 Bc8 $6 (22... Rxd1+
23. Rxd1 Rb8 $14 {is more accurate, guarding the queenside more securely.}) 23.
Kf1 $2 (23. Nb3 $16 {My opponent found this on the next move.}) 23... Rfe8 $2 (
23... b6 24. Nd3 c5 $11 {Solidifying the queenside with an equalish position.})
24. Nb3 {Oops. Now black is forced to lose the a5 pawn.} Bg4 25. Rxd8 Rxd8 26.
Nxa5 Rd2 {Black forks the pawns, but white will always win one more than black.
} 27. Nxb7 Bxe2+ 28. Kg1 (28. Ke1 $6 Rxb2 29. Bxc6 $2 Ng4 $11 {looks rather
risky for white.}) 28... Rxb2 29. Bxc6 Ng4 30. a5 $2 {A bit rushed.} (30. Bh1
$1 {Advanced defensive move which makes Nxf2 ineffective.} Bd3 (30... Nxf2 $4
31. Kxf2 Ba6+ 32. Ke3 Bxb7 33. Bxb7 Rxb7 34. a5 Ra7 35. a6 $18 {White's king
is faster than black's.}) 31. Nc5 Nxf2 32. Nxd3 Nxd3 33. a5 $16 {Black will
have to hold this endgame with the knight vs the passed rook pawn (always the
hardest).}) 30... Nxf2 31. a6 {The most challenging line, forcing black to
find the best sequence.} (31. Kxf2 $6 Bb5+ 32. Ke3 Bxc6 $11 {This endgame is
sad for black, but defensible.}) 31... Nh3+ 32. Kh1 Nf2+ 33. Kg2 {Avoiding
perpetual.} Bg4 34. Bb5 $4 {A brave decision to fight for the win, but white's
king is too weak.} (34. a7 Nh3+ 35. Kf1 (35. Kh1 Nf2+ 36. Kg1 Nh3+ $11) 35...
Rf2+ 36. Ke1 Re2+ 37. Kf1 $11 (37. Kd1 $4 Nf2+ 38. Kc1 Nd3+ 39. Kd1 Rxh2+ 40.
Bf3 Bxf3#)) 34... Nd3+ $1 {This manuever took me quite a while to find; black
has many tempting options.} (34... Nh3+ $4 35. Kf1 Rf2+ $4 36. Ke1 $18 {
Black no longer has Re2+, which was the point of Bb5.}) (34... Ne4+ $4 35. Kg1
Ng5 {Same idea as Nd3+, but white has} 36. Bc6 $1 $11 {defending.}) (34... Nd1+
$4 35. Kg1 Bf3 36. Bf1 {White defends, and} Bxb7 {is not possible because of}
37. Rxd1 $18 {and the passed pawn is simply too strong.}) 35. Kg1 Ne5 {White
has no defense against Nf3+ followed by Bh3#} 36. Be2 Rxe2 37. a7 Nf3+ 38. Kf1
Nxh2+ {Repeating moves to gain time.} 39. Kg1 Nf3+ 40. Kf1 Rd2 41. a8=Q+ Kh7 {
Bh3# is unstoppable. After (again) getting a slightly worse position out of
the opening, I managed to equalize and obtain a defensible endgame. After
blundering a pawn away, I sought counterplay in attacking the king, and my
remaining few pieces managed to work harmoniously to catch the king in a rare
mating net. Another topsy-turvy game!} 0-1

[Event "Oregon Closed"]
[Site "?"]
[Date "2023.02.18"]
[Round "3"]
[White "Zavortink, Matt"]
[Black "Gibbins, Wilson"]
[Result "1-0"]
[WhiteElo "2308"]
[BlackElo "2205"]
[Annotator "Matt Zavortink - Wilson Gibbins"]
[PlyCount "69"]

{[%evp 0,69,19,29,18,-1,19,12,12,12,31,8,44,13,17,15,38,14,42,-9,10,-24,-36,
-24,0,-9,0,-8,5,-6,3,-6,7,10,-2,15,12,-17,-15,-15,-14,-42,-9,-17,61,6,94,90,89,
92,92,216,199,186,185,195,197,197,295,300,302,430,440,486,563,586,593,595,586,
623,644,644] Notes preceeded by "MZ - " are from Matt, notes preceeded by "WG
- " are from Wilson.  MZ - A typical, humbling Fianchetto King's Indian. After
the game finished I felt like I had done a good job maintaining control and
slowly increasing my advantage, leading inevitably to the final tactical
breakthough. However, the computer shows that black had numerous opportunities
to break out and create a chaotic position, so in reality I just had no idea
what was going on for the majority of the game!} 1. Nf3 Nf6 2. g3 g6 {MZ - Not
at all what I was expecting, and a sign that Wilson had prepared something for
my normal 3.b3 line, so I decided to do something different.} 3. Bg2 Bg7 4. O-O
O-O 5. d4 d6 6. c4 {WG - Matt smells a rat and plays line that isn't in his
repertoire.} (6. b3 {MZ - I considered this, though I figured it may transpose
to whatever Wilson had prepared against an earlier b3. Black can also meet
this move more directly, for example with the traditional response:} e5 7. dxe5
dxe5 8. Ba3) 6... Nc6 7. Nc3 e5 {MZ - I was somewhat relieved to see this move,
as I have also played the black side of these positions. WG - I didn't have
time to prepare a full King's Indian Repertoire, so I memorized three lines
from a free Chessable course. I didn't think I would actually reach this
position; it was just due diligence. When I told Matt after the game, he
laughed and correctly guessed that Plichta was the course author.} 8. dxe5 ({
WG - After} 8. d5 {Chessable suggests} Nb8 {to which Chessbase helpfully
appends a !} 9. e4 a5 10. Z0 {followed by} Na6 {looked reasonable to me.}) 8...
Nxe5 $5 {MZ - I think this is a good move and probably easier to play than ...
dxe5 after which white has a large number of tricky options. WG - As
recommended by the Chessable course. At this point it was dawning on me that
Avrukh had covered this line in his latest Grandmaster Repertoire book.} 9. b3
{MZ - Following the old Avrukh recommendation, simply trying to get developed.
White's argument is that they have a superior pawn structure: white's plan is
to plant a knight on d5, and if it is kicked with ...c6 then black will have a
weak d-pawn. However black's pieces are quite active and the one weakness
should be manageable. Now Wilson found what is probably the strongest sequence
for black, though he had to spend a considerable amount of time to do so, as
there are a lot of tempting looking moves to calculate.} (9. Nxe5 dxe5 10. Qxd8
Rxd8 11. Bg5 {MZ - This is white's most popular way to meet 8...Nxe5. Like
many King's Indian variations in which white exchanges on e5 and then trades
queens white has a slight initiative, though it's very hard for me to believe
that black isn't totally fine here after a move like ...Rd7, getting out of
the pin.}) 9... Nxf3+ ({MZ -} 9... Ne4 $4 {Tempting but very bad because of
white's subtlety on move 11} 10. Nxe4 Nxf3+ 11. exf3 $1 Bxa1 12. Bg5 f6 13. Bh6
{Because of white's earlier exf3 black will not be able to put the bishop on
e5, causing it to get sidelined on the queenside:} Bb2 14. Qd2 Ba3 15. Bxf8 $18
{MZ - Now black's desired move ...Qxf8 would drop a pawn to Qa5, hitting the
offside bishop and the c7 pawn.}) 10. Bxf3 Bh3 11. Re1 (11. Bxb7 {MZ - Not
great for several reasons, for example:} Rb8 12. Bg2 Bxg2 13. Kxg2 Ne4 14. Nxe4
Bxa1 15. Bg5 {Here this idea doesn't regain the material because of} Qe8 $1 $13
{when the absence of white's light-squared bishop is clearly felt, though
white still has decent play for the exchange}) 11... c6 {WG - I probably took
15-20 minutes on this normal KID move. I had to convince myself that I wasn't
losing my d-pawn, as his loose knight on c3 meant I could play Qa5 and (either)
Rd8. I guess I should be pleased with myself as I figured out the main line on
my own, but the time I burned cost me in the long run. Reminds me of the
Alekhine quote "The fact that a player is very short of time is, to my mind,
as little to be considered an excuse as, for instance, the statement of the
law-breaker that he was drunk at the time he committed the crime."  MZ - I
didn't remember anything past this except that the natural looking move Bb2
allows black to equalize immediately with ...d5. Avrukh recommends Bg5, which
my computer thinks is equal. It instead recommends Bf4, provoking ...Nh5
before retreating to d2. My feeling is that if the position really requires
this level of subtlety then black is probably doing alright.} 12. Rb1 $6 {
MZ - Less active than Bg5 or Bf4 I suppose.  WG - A sign that Matt is also
making it up as he goes along. A new move, and maintains equality, but isn't
the most testing. He will test me later. Probably a good anti-Wilson strategy,
as fatigue and time trouble will affect me before it affects him.} (12. Bb2 $6
d5 13. cxd5 Nxd5 {MZ - Black has fixed their structure and is doing well.})
12... Qe7 {WG - Not the most active move. Shows that I don't have the true KID
spirit, but I no longer have time for thinking things through.} 13. Bb2 Rfd8 {
MZ - The idea of black's last move. This looks less natural to me than placing
the f-rook on e8 though it is solid enough.} 14. Qd2 h5 $5 15. Rbd1 $14 {
MZ - Here I felt like I had a small, stable advantage, but as so often happens
in the Fianchetto King's Indian I didn't really know what to do next.} Qe6 16.
Ba3 (16. Bh1 $1 $14 {MZ - A slick Stockfish move, preparing e4 without
allowing the simplifying ...Bg4 in response.}) 16... Rd7 17. Qf4 $6 {MZ - Now
I've actually lost control and given black an opportunity to break out.} Rad8 {
WG - My brain isn't in the right place to play the KID. I need to be looking
for counter-attacking ideas, not trying to hold the defense. You don't have
enough space in a KID to hold the defensive line, you need to be planning to
lash out given any opportunity.} ({MZ -} 17... d5 $1 18. cxd5 Nxd5 $1 {Trading
the knights helps black has it allows the g7 bishop to immediately control the
square in front of the isolated pawn.} 19. Nxd5 cxd5 20. Bc5 {White wants to
set up a blockade on d4 but black can prevent it with concrete play:} Be5 21.
Qe3 $6 d4 $15 {White cannot take the pawn:} 22. Bxd4 $4 Rad8 $19) 18. Rd3 $6 {
MZ - Once again allowing ...d5 with similar play to the previous note.} Ng4 19.
Bxg4 {MZ - It's probably a sign that something has gone wrong that I have to
play this move, giving up my fianchettoed bishop. During the game I thought I
still had an edge as I can continue with f3 and e4 when my position appears
harmonious, however black should be able to break out at any time.} (19. Ne4 {
MZ - I was planning this move but ultimately decided there was nothing special
after ...Ne5.} Ne5 (19... Bh6 $6 20. Bxg4 hxg4 21. Qxh6 Qxe4 22. f3 {MZ - A
strange position where I correctly thought white is probably a bit better.
It's unclear how black will get the h3 bishop into the game without trading
queens on h5 and losing the d6 pawn in the process.}) 20. Ng5 {MZ - I was
planning this but realized it doesn't work:} Nxd3 21. Nxe6 Nxf4 22. Nxd8 Nxe2+
23. Rxe2 Rxd8 $17 {Black is a pawn up.}) 19... Bxg4 (19... Qxg4 20. Qxg4 Bxg4
21. f3 Be6 22. e4 {MZ - During the game I thought maybe I would still have
some slight pressure in this position, but in fact it is pleasant for black,
who has a variety of plans, including the simple ...Bxc3 followed by ...d5
leading to a dead equal bishops of opposite color ending.}) 20. f3 $2 (20. Ne4
{MZ - The only move to maintain equality according to Stockfish, essentially
reaching a better version of the game after ...Bf5 Ng5, as white hasn't spent
a tempo on f3.}) 20... Bh3 {MZ - Again missing an opportunity to blow the
position open.} (20... Bf5 $1 {WG - unleashes KID chaos.} 21. e4 d5 $15 {
MZ - Now white must be very careful to not lose on the spot.}) 21. Ne4 Be5 $2 {
MZ - In hindsight this is black's big mistake. Pushing the queen to a better
square and also exposing the bishop to tactics.} (21... Bf5 $1 22. Ng5 Qe7 23.
e4 Bh6 24. h4 f6 {MZ - White barely holds on with some improbable computer
tactics:} 25. Qe3 Bh3 26. Kh2 $1 fxg5 27. hxg5 Bxg5 28. f4 Bxf4 29. Qxf4 Bg4
$15 {MZ - A strange position that would be very hard for me to evaluate over
the board. The computer gives black a small edge which feels completely
meaningless in a practical game as both players have extremely weak kings.})
22. Qd2 Bf5 $2 {MZ - Suddenly the game is over.} (22... f6 {MZ - The
computer's ridiculous suggestion, trapping it's own bishop. The idea is to
prepare ...Bf5 as in the game without allowing Ng5.} 23. Bb2 (23. f4 Bb2 24.
Bxb2 Qxe4 $11 {MZ - Another weird "equal" position according to the engine.})
23... Bf5 24. Bxe5 Qxe5 25. Rd4 Bxe4 26. Rxe4 Qg5 $11) 23. Ng5 $1 {WG - Now it
is over. It seemed like a long game and a full fight at the time, but now I
notice we are only on move 23.} Qe8 24. e4 Be6 25. f4 {MZ - f5 is coming when
black loses a piece due to the pin on the e-file. Wilson finds the only way to
save the piece but it requires fatally weakening the dark-squares.} Bf6 26. f5
Bxg5 (26... Qe7 27. Nf3 $18) 27. Qxg5 Bxf5 28. Bb2 {MZ - Black has actually
won a pawn but white threatens to invade with Qf6.} Qe6 29. Bf6 Re8 30. Rf3 {
MZ - Winning a piece, since if the bishop moves then the f3 rook will defend
the f6 bishop, allowing the decisive Qh6.} Kh7 31. Rxf5 Qxf5 32. exf5 Rxe1+ 33.
Kf2 Re4 34. h3 d5 35. g4 1-0